00801ngm a22002177a 450000500170000000700030001700800410002001000180006102400130007903700190009204000080011108200140011924501150013326000470024830000210029544000190031650000170033550000920035253801180044465000210056220080708143856.0cd080708t xxu||||| |||| 00| 0 eng d aDVD-000079-81 cRs.99.00 a0173/ 12-05-08 aDpl aCD / RAMA aRamayana:cProduced and Published by Vision Interactive SystemshCD-RombThe Greatest Epic of Indian Mythology aBanglorebVision Interactive Systemsc2008 a1 Videodisc (CD) aBuzzers Series aFor all ages aRamayana is undoubtedly the most popular and timeless Indian epic rad and loved by all. aMinimus system reauirements: P-III & above, 64 MB RAM, CD-Rom Drive, Windows XP/2000/MW/NT, 256 Color VGA Display 2Animated Stories